[Event "1.CLZ 24/25,Chess club Pisek-TJ Pankrac"]
[Site "Pisek"]
[Date "2024.11.10"]
[Round "2.7"]
[White "Kotal, Vaclav"]
[Black "Sindler, Michal"]
[WhiteElo "2125"]
[BlackElo "2167"]
[Result "1-0"]
[PlyCount "93"]

1. e4 c5 2. Nc3 a6 3. Nge2 e6 4. g3 b5 5. Bg2 Bb7 6. O-O b4 7. Na4 Nf6 8. d3
Qc7 9. a3 bxa3 10. Rxa3 d6 11. Be3 Nbd7 12. Rb3 Bc6 13. Nac3 Be7 14. d4 O-O 15.
d5 exd5 16. exd5 Bb7 17. h3 Nb6 18. g4 Nc4 19. Bc1 a5 20. g5 Nd7 21. Nb5 Qd8
22. Rg3 Ba6 23. Nbc3 Re8 24. f4 Bf8 25. Ne4 Ncb6 26. Rf2 a4 27. N2c3 Rb8 28. f5
Nc4 29. Nxa4 Rb4 30. c3 Rb7 31. b3 Na5 32. c4 Qb8 33. Nf6+ Nxf6 34. gxf6 g6 35.
fxg6 fxg6 36. Bb2 Kf7 37. Qg4 Re1+ 38. Kh2 Qe8 39. Bc3 Rxb3 40. Bxa5 Rxg3 41.
Qxg3 Ra1 42. Nxc5 Rxa5 43. Ne6 h6 44. Be4 g5 45. Qg4 Qc8 46. Qh5+ Kg8 47. Qg6+
 1-0

[Event "1.CLZ 24/25,Chess club Pisek-TJ Pankrac"]
[Site "Pisek"]
[Date "2024.11.10"]
[Round "2.8"]
[White "Postupa, Pavel"]
[Black "Borkovec, Milan"]
[WhiteElo "2158"]
[BlackElo "2185"]
[Result "1-0"]
[PlyCount "107"]

1. e4 e5 2. Nf3 Nc6 3. Bb5 a6 4. Ba4 Nf6 5. O-O Be7 6. Re1 b5 7. Bb3 d6 8. c3
O-O 9. h3 Nb8 10. d4 Nbd7 11. Nbd2 Bb7 12. Bc2 Re8 13. Nf1 Bf8 14. Ng3 g6 15.
a4 c5 16. d5 c4 17. Nh2 Nc5 18. Bg5 Be7 19. Be3 Qc7 20. f4 exf4 21. Bxf4 bxa4
22. Bxa4 Nd3 23. Bxe8 Rxe8 24. Qd2 Nxe1 25. Rxe1 Bd8 26. Nf3 Nd7 27. Kh2 Bf6
28. Qf2 Nc5 29. Qd2 Nd3 30. Re2 Nxf4 31. Qxf4 Be5 32. Nxe5 Rxe5 33. Rd2 a5 34.
Nf1 f5 35. Ng3 Qf7 36. Rf2 Bc8 37. exf5 Bxf5 38. Qxc4 Qxd5 39. Qc7 Qe6 40. Nxf5
gxf5 41. Rf3 Re3 42. Qb8+ Qe8 43. Rg3+ Kf7 44. Qa7+ Re7 45. Qxa5 Re5 46. Qc7+
Qe7 47. Qc4+ d5 48. Qf4 Qd6 49. Rg5 Qf6 50. Rh5 Kg7 51. Rh6 Qe7 52. Rc6 Kf7 53.
Qh6 Ke8 54. Rc8+ 1-0

[Event "1.CLZ 24/25,Zikuda Turnov B-Slavoj Litomerice"]
[Site "Turnov"]
[Date "2024.11.10"]
[Round "2.1"]
[White "Finek, Vaclav"]
[Black "Hollan, Petr"]
[WhiteElo "2472"]
[BlackElo "2251"]
[Result "1-0"]
[PlyCount "99"]

1. d4 d5 2. c4 e6 3. Nf3 Nf6 4. g3 c5 5. cxd5 exd5 6. Bg2 Nc6 7. O-O Be7 8. Nc3
O-O 9. Bg5 c4 10. Ne5 Be6 11. Nxc6 bxc6 12. b3 Qa5 13. Na4 cxb3 14. axb3 Qb4
15. e3 Rab8 16. Bxf6 gxf6 17. Rb1 Bf5 18. Rc1 Rfc8 19. Qf3 Be6 20. Nc5 Bxc5 21.
Rxc5 Kg7 22. Ra1 Qxb3 23. Bf1 Qb2 24. Qd1 Bf5 25. h4 Rc7 26. Rac1 Qb7 27. Qf3
Be6 28. Qf4 Qc8 29. Bg2 Rbb7 30. e4 dxe4 31. Bxe4 Qd8 32. d5 cxd5 33. Rxc7 Rxc7
34. Qxc7 Qxc7 35. Rxc7 dxe4 36. Rxa7 Bc4 37. Ra4 Bd3 38. g4 Kg6 39. Kg2 h5 40.
gxh5+ Kxh5 41. Kg3 Kg6 42. Ra5 Be2 43. Kf4 Bf3 44. Ra6 Bg2 45. Ra1 Bf3 46. Rg1+
Kh7 47. Kf5 Kh6 48. Rg8 Kh7 49. Rb8 Kg7 50. Rb6 1-0

[Event "1.CLZ 24/25,Zikuda Turnov B-Slavoj Litomerice"]
[Site "Turnov"]
[Date "2024.11.10"]
[Round "2.2"]
[White "Brejnik, Gustav"]
[Black "Simacek, Pavel"]
[WhiteElo "2229"]
[BlackElo "2452"]
[Result "1/2-1/2"]
[PlyCount "98"]

1. d4 d5 2. c4 c6 3. cxd5 cxd5 4. Bf4 Nc6 5. e3 Nf6 6. Nc3 a6 7. Nf3 e6 8. Bd3
Be7 9. h3 Bd7 10. O-O O-O 11. Ne5 Be8 12. Rc1 Nxe5 13. Bxe5 Bc6 14. Qf3 Nd7 15.
Bh2 f5 16. Qg3 Rc8 17. Ne2 Qe8 18. Rc2 Qf7 19. Rfc1 Kh8 20. Bxa6 Ra8 21. Bd3
Rxa2 22. Nc3 Ra5 23. Qc7 Rfa8 24. Rb1 Qf8 25. Ne2 Ra1 26. Rcc1 Rxb1 27. Rxb1
Bb4 28. h4 Nf6 29. Nf4 Re8 30. h5 Kg8 31. Be2 Bd6 32. Qb6 Qe7 33. Ra1 Bc7 34.
Qb3 Qd6 35. Qa3 Qd7 36. Nd3 Bb5 37. Bxc7 Bxd3 38. Qxd3 Qxc7 39. Qc3 Qxc3 40.
bxc3 Rc8 41. Rb1 Rc7 42. Rb4 Kf7 43. c4 dxc4 44. Bxc4 Nxh5 45. d5 Ke7 46. dxe6
Nf6 47. f3 Ne8 48. Bd5 Nf6 49. Bxb7 Kxe6 1/2-1/2

[Event "1.CLZ 24/25,Zikuda Turnov B-Slavoj Litomerice"]
[Site "Turnov"]
[Date "2024.11.10"]
[Round "2.3"]
[White "Haba, Petr"]
[Black "Hinks-Edwards, Thomas"]
[WhiteElo "2425"]
[BlackElo "2288"]
[Result "1/2-1/2"]
[PlyCount "162"]

1. Nf3 c5 2. b3 d6 3. d4 cxd4 4. Nxd4 e5 5. Nf3 Nf6 6. e3 Nc6 7. Bb2 Be7 8. Be2
O-O 9. O-O Be6 10. c4 Qa5 11. Qd2 Qxd2 12. Nbxd2 Bf5 13. Nb1 Ne4 14. Rd1 Rfd8
15. Nfd2 d5 16. Nxe4 dxe4 17. Nc3 Kf8 18. g4 Bg6 19. Bf1 Nb4 20. Ba3 a5 21. Bg2
Rd3 22. Rxd3 exd3 23. Bxb7 Rd8 24. Be4 Bxe4 25. Nxe4 d2 26. Rd1 Nxa2 27. Bb2
Bb4 28. Kf1 Rd3 29. Bxe5 Nc1 30. c5 Nxb3 31. c6 Ke7 32. Bxg7 Kd8 33. Bb2 a4 34.
Ke2 Rd5 35. Bc3 Bxc3 36. Nxc3 Ra5 37. Kd3 Kc7 38. Kc4 Kxc6 39. Kb4 Rg5 40. h3
Nc5 41. Rxd2 h5 42. f3 hxg4 43. hxg4 Rg8 44. Rd5 Rb8+ 45. Kc4 Nd7 46. Ra5 Nb6+
47. Kd4 Rd8+ 48. Ke4 Re8+ 49. Kf4 Rxe3 50. Kxe3 Nc4+ 51. Ke4 Nxa5 52. Nxa4 Kd6
53. Kf5 Nc6 54. Nc3 Nd4+ 55. Ke4 Ne6 56. f4 Ke7 57. Nd5+ Kf8 58. Ke5 Nc5 59.
Kf5 Kg7 60. Nf6 Ne6 61. Nh5+ Kf8 62. Kf6 Nc5 63. Ng3 Nd7+ 64. Kf5 Kg7 65. g5
Kf8 66. Nh5 Ke7 67. Kg4 Kf8 68. Nf6 Nc5 69. f5 Kg7 70. Kh5 Nd3 71. Ne8+ Kf8 72.
Nd6 Kg7 73. Nc4 Nf4+ 74. Kg4 Nd3 75. Kf3 Nc5 76. f6+ Kg6 77. Kg4 Nd7 78. Kf4
Nxf6 79. Ne5+ Kg7 80. gxf6+ Kxf6 81. Nxf7 Kxf7 1/2-1/2

[Event "1.CLZ 24/25,Zikuda Turnov B-Slavoj Litomerice"]
[Site "Turnov"]
[Date "2024.11.10"]
[Round "2.4"]
[White "Ret, Adam"]
[Black "Cech, Pavel"]
[WhiteElo "2095"]
[BlackElo "2330"]
[Result "1/2-1/2"]
[PlyCount "59"]

1. c4 c6 2. g3 d5 3. Qc2 e5 4. Bg2 Nf6 5. Nf3 e4 6. Nd4 Bc5 7. Nb3 Bd6 8. c5
Bc7 9. d3 exd3 10. exd3 Qe7+ 11. Qe2 Bf5 12. Qxe7+ Kxe7 13. d4 Nbd7 14. O-O
Rae8 15. Nc3 Kd8 16. Bd2 Nf8 17. h3 Ne6 18. Be3 h5 19. Nd2 h4 20. g4 Bd3 21.
Rfd1 Bc2 22. Rdc1 Bg6 23. b4 Nf4 24. Bf1 Bd3 25. Bxf4 Bxf4 26. Bxd3 Bxd2 27.
Rc2 Bf4 28. b5 Ne4 29. Ne2 Bc7 30. Nc3 1/2-1/2

[Event "1.CLZ 24/25,Zikuda Turnov B-Slavoj Litomerice"]
[Site "Turnov"]
[Date "2024.11.10"]
[Round "2.5"]
[White "Sodoma, Jan"]
[Black "Sulc, Jaromir"]
[WhiteElo "2328"]
[BlackElo "2025"]
[Result "1-0"]
[PlyCount "59"]

1. Nf3 Nf6 2. c4 c6 3. d4 d5 4. e3 e6 5. Nbd2 Nbd7 6. Bd3 Bd6 7. O-O e5 8. cxd5
cxd5 9. dxe5 Nxe5 10. Nxe5 Bxe5 11. Nf3 Bd6 12. h3 O-O 13. b3 Ne4 14. Bb2 Qe7
15. Rc1 a6 16. Bb1 Be6 17. Qd4 f5 18. Qd3 f4 19. exf4 Bxf4 20. Rce1 Qf7 21.
Rxe4 dxe4 22. Qxe4 Qg6 23. Qxb7 Qh6 24. Re1 Rae8 25. Bd3 Kh8 26. Qxa6 Bd5 27.
Qxh6 Bxh6 28. Ne5 Ra8 29. Re2 Rxa2 30. Ng4 1-0

[Event "1.CLZ 24/25,Zikuda Turnov B-Slavoj Litomerice"]
[Site "Turnov"]
[Date "2024.11.10"]
[Round "2.6"]
[White "Hurtik, Matej"]
[Black "Sorm, Daniel"]
[WhiteElo "2118"]
[BlackElo "2266"]
[Result "0-1"]
[PlyCount "92"]

1. e4 c6 2. d4 d5 3. e5 Bf5 4. Nc3 e6 5. g4 Bg6 6. Nge2 c5 7. h4 h6 8. Be3 Nc6
9. f4 cxd4 10. Nxd4 Nxd4 11. Qxd4 Ne7 12. f5 exf5 13. Qa4+ Nc6 14. Bb5 Be7 15.
Bxc6+ bxc6 16. Qxc6+ Kf8 17. O-O-O Rc8 18. Qa4 fxg4 19. Rxd5 Qe8 20. Qxg4 Rxc3
21. bxc3 Qc6 22. Qd4 Kg8 23. Rg1 h5 24. Bg5 Ba3+ 25. Kd2 Kh7 26. Rd6 Qf3 27.
Ra6 Bb2 28. Ra5 Bxc3+ 29. Qxc3 Qf2+ 30. Kc1 Qxg1+ 31. Kb2 Qb6+ 32. Ka3 Rc8 33.
Qxc8 Qxa5+ 34. Kb3 Qb5+ 35. Ka3 Qa5+ 36. Kb3 Qb5+ 37. Ka3 Qxe5 38. Qc4 Be4 39.
Kb4 f5 40. c3 f4 41. Qd4 Qxd4+ 42. cxd4 f3 43. Be3 g5 44. Bf2 Kg6 45. Kc5 gxh4
46. Bxh4 Kf5 0-1

[Event "1.CLZ 24/25,Zikuda Turnov B-Slavoj Litomerice"]
[Site "Turnov"]
[Date "2024.11.10"]
[Round "2.7"]
[White "Liska, Jiri"]
[Black "Filindash, Nikita"]
[WhiteElo "2270"]
[BlackElo "2076"]
[Result "1-0"]
[PlyCount "105"]

1. c4 e6 2. d4 d5 3. Nf3 Nf6 4. g3 Be7 5. Bg2 O-O 6. O-O dxc4 7. Qa4 a6 8. Qxc4
b5 9. Qc2 Bb7 10. Bf4 Nd5 11. Nbd2 Nd7 12. Nb3 Nxf4 13. gxf4 Nf6 14. Rac1 Rc8
15. Rfd1 Be4 16. Qd2 Qd5 17. Ne1 Bxg2 18. Nxg2 Rfd8 19. Qc2 Qh5 20. f3 c6 21.
a3 Qh3 22. Na5 c5 23. dxc5 Rxd1+ 24. Qxd1 Rxc5 25. b4 Rxc1 26. Qxc1 g6 27. Qc8+
Kg7 28. Nc6 Bf8 29. Qxa6 Qf5 30. Ne5 Nh5 31. Nd3 Qd5 32. Qa7 Bd6 33. Kf2 Qc4
34. Ne3 Qc3 35. Ng2 g5 36. Qb6 Bxf4 37. Qxb5 h6 38. Ngxf4 Nxf4 39. Qe5+ Qxe5
40. Nxe5 Nd5 41. Nd3 Nb6 42. Nc5 Kf6 43. a4 Nc4 44. a5 Na3 45. a6 Nb5 46. Ke3
Ke5 47. Kd3 Kd5 48. Ne4 Kc6 49. Nc3 Nc7 50. b5+ Kb6 51. Kc4 f6 52. Na4+ Ka5 53.
a7 1-0

[Event "1.CLZ 24/25,Zikuda Turnov B-Slavoj Litomerice"]
[Site "Turnov"]
[Date "2024.11.10"]
[Round "2.8"]
[White "Sokolovsky, Jakub"]
[Black "Zima, Jan"]
[WhiteElo "2040"]
[BlackElo "2222"]
[Result "0-1"]
[PlyCount "122"]

1. e4 c5 2. Nf3 d6 3. d4 cxd4 4. Nxd4 Nf6 5. Nc3 a6 6. Bg5 e6 7. f4 Qc7 8. Qf3
b5 9. Bxf6 gxf6 10. a3 Nc6 11. O-O-O Nxd4 12. Rxd4 Qc5 13. Rd1 Rb8 14. f5 h5
15. Kb1 Be7 16. Ne2 e5 17. Nc3 Bb7 18. Nd5 Rc8 19. c3 Bxd5 20. Rxd5 Qb6 21. Be2
Rc5 22. Qd3 Qc6 23. Rd1 h4 24. Kc2 Rxd5 25. Qxd5 Qxd5 26. Rxd5 Rg8 27. Bf3 Kd7
28. a4 Kc6 29. axb5+ axb5 30. Kb3 Ra8 31. Be2 Ra5 32. Kb4 Ra4+ 33. Kb3 Rxe4 34.
Rd2 Rf4 35. Bh5 Rxf5 36. Bxf7 e4 37. c4 e3 38. Re2 bxc4+ 39. Kxc4 d5+ 40. Kd3
Bc5 41. h3 Kd6 42. Rc2 Rf4 43. Bh5 Rb4 44. Ke2 Bd4 45. Kf3 Ke5 46. Bf7 Rb7 47.
Be8 Rg7 48. b4 Rg3+ 49. Ke2 Rxg2+ 50. Kd1 Rg1+ 51. Ke2 Ke4 52. Bh5 Rg2+ 53. Kd1
Rg3 54. Rh2 Kd3 55. Be2+ Kc3 56. Bg4 Rg1+ 57. Ke2 Rb1 58. Kf3 Kxb4 59. Be6 Kc5
60. Bf5 Rg1 61. Kf4 Be5+ 0-1

[Event "1.CLZ 24/25,Ricany 1925-Cesky lev Kolesovice"]
[Site "Ricany"]
[Date "2024.11.10"]
[Round "2.1"]
[White "Nemec, Jachym"]
[Black "Movsesjan, Sergej"]
[WhiteElo "2411"]
[BlackElo "2609"]
[Result "1/2-1/2"]
[PlyCount "120"]

1. d4 Nf6 2. c4 e6 3. Nf3 Bb4+ 4. Bd2 Bxd2+ 5. Qxd2 O-O 6. Nc3 d5 7. e3 Qe7 8.
Rc1 dxc4 9. Bxc4 c5 10. O-O Rd8 11. Qc2 cxd4 12. Nxd4 Bd7 13. Rfd1 Nc6 14. Bb5
Nxd4 15. Rxd4 Rac8 16. Bxd7 Nxd7 17. Rcd1 Nf6 18. Rxd8+ Rxd8 19. Rxd8+ Qxd8 20.
h3 h6 21. Ne4 Nd5 22. a3 Qd7 23. Qc4 b6 24. Nc3 Nf6 25. Qe2 h5 26. Qc2 g6 27.
Ne2 e5 28. Nc3 Kg7 29. Qe2 Qd6 30. Nb5 Qd7 31. Nc3 Qd8 32. Nb5 a6 33. Nc3 b5
34. Qc2 Qd7 35. Qe2 Qd6 36. Qc2 b4 37. axb4 Qxb4 38. Qd2 a5 39. Qc2 h4 40. Qc1
Nd7 41. Nd5 Qc5 42. Qxc5 Nxc5 43. b4 axb4 44. Nxb4 e4 45. Kf1 f5 46. f4 exf3
47. gxf3 g5 48. Nc2 Kf6 49. Ke2 Ke5 50. Ne1 Ne6 51. Ng2 Kf6 52. f4 Nc5 53.
fxg5+ Kxg5 54. Nf4 Ne4 55. Kf3 Kf6 56. Kg2 Ng5 57. Kf2 Ke5 58. Ng6+ Ke4 59.
Nxh4 Nxh3+ 60. Kg2 Nf4+ 1/2-1/2

[Event "1.CLZ 24/25,Ricany 1925-Cesky lev Kolesovice"]
[Site "Ricany"]
[Date "2024.11.10"]
[Round "2.2"]
[White "Shagbazyan, Taron"]
[Black "Smolik, Jachym"]
[WhiteElo "2416"]
[BlackElo "2278"]
[Result "0-1"]
[PlyCount "186"]
[PlyCount "71"]

1. d4 Nf6 2. c4 g6 3. g3 Bg7 4. Bg2 O-O 5. Nc3 d6 6. Nf3 c6 7. e4 Bg4 8. h3
Bxf3 9. Bxf3 e5 10. d5 cxd5 11. cxd5 Nbd7 12. O-O a6 13. a4 Qe7 14. Kg2 h5 15.
Bg5 Rfc8 16. g4 hxg4 17. hxg4 Qe8 18. Rh1 Nh7 19. Be3 Bf6 20. Rh6 Qe7 21. Qh1
Ndf8 22. Qh2 Bg5 23. Bxg5 Nxg5 24. Rh8+ Kg7 25. Qh6+ Kf6 26. Rg8 Qc7 27. Rh1
Qb6 28. Rh5 Nfh7 29. Qg7+ Ke7 30. Rxc8 Rxc8 31. Rxh7 Qxb2 32. Qh6 Nxf3 33. Kxf3
Qxc3+ 34. Kg2 Rg8 35. Qh4+ Ke8 36. Rh8 1/2-1/2
Nge2 Re8 9. Qc2 h6 10. Bh4 a5 11. a3 Na6 12. h3 Nc7 13. O-O Ne6 14. f4 g5 15.
Bg3 Ng7 16. fxg5 hxg5 17. Bxd6 Qxd6 18. Rf2 g4 19. Raf1 Ngh5 20. e4 dxe4 21.
Nxe4 Nxe4 22. Bxe4 Re7 23. Bh7+ Kg7 24. Bf5 gxh3 25. gxh3 Kh8 26. Bg4 Ng3 27.
Nxg3 Qxg3+ 28. Rg2 Qe3+ 29. Rff2 Bxg4 30. hxg4 Kg7 31. Rh2 Rh8 32. Rxh8 Kxh8
33. Qc3 Kg7 34. Kg2 Re4 35. Qxe3 Rxe3 36. Rf5 Rd3 37. Rxa5 Rxd4 38. Rg5+ Kf8
39. b4 b6 40. Kf2 Rd2+ 41. Ke1 Ra2 42. b5 c5 43. Rh5 Rxa3 44. Rh6 Re3+ 45. Kf2
Re6 46. Rh8+ Ke7 47. Rb8 Kf6 48. Rb7 Kg5 49. Kf3 f5 50. gxf5 Kxf5 51. Rh7 Rg6
52. Rh5+ Ke6 53. Ke4 Kd6 54. Rd5+ Kc7 55. Rh5 Rg4+ 56. Kd5 Rd4+ 57. Ke5 Rd7 58.
Rh1 Re7+ 59. Kd5 Rg7 60. Rh4 Kb7 61. Kc4 Rd7 62. Rg4 Kc7 63. Rh4 Kd8 64. Rh8+
Ke7 65. Rh7+ Kd6 66. Rh6+ Kc7 67. Rh4 Rd6 68. Rh7+ Kc8 69. Rh8+ Kd7 70. Rh7+
Ke6 71. Rh6+ Ke5 72. Rh5+ Ke4 73. Rh4+ Ke3 74. Rh3+ Kd2 75. Rh2+ Kd1 76. Kc3
Re6 77. Rh3 Ke2 78. Kc4 Rd6 79. Kc3 Kf2 80. Rh8 Rf6 81. Kc4 Ke3 82. Kd5 Kd3 83.
Rh3+ Kc2 84. Kc4 Rd6 85. Rh2+ Rd2 86. Rh4 Kb2 87. Rg4 Rd6 88. Rh4 Ka3 89. Kc3
Rg6 90. Kc4 Ka4 91. Rf4 Rd6 92. Rh4 Rd4+ 93. Rxd4 cxd4 0-1

[Event "1.CLZ 24/25,Ricany 1925-Cesky lev Kolesovice"]
[Site "Ricany"]
[Date "2024.11.10"]
[Round "2.3"]
[White "Seidl, Jan"]
[Black "Neuman, Petr"]
[WhiteElo "2247"]
[BlackElo "2426"]
[Result "1/2-1/2"]
[PlyCount "71"]

1. d4 Nf6 2. c4 g6 3. g3 Bg7 4. Bg2 O-O 5. Nc3 d6 6. Nf3 c6 7. e4 Bg4 8. h3
Bxf3 9. Bxf3 e5 10. d5 cxd5 11. cxd5 Nbd7 12. O-O a6 13. a4 Qe7 14. Kg2 h5 15.
Bg5 Rfc8 16. g4 hxg4 17. hxg4 Qe8 18. Rh1 Nh7 19. Be3 Bf6 20. Rh6 Qe7 21. Qh1
Ndf8 22. Qh2 Bg5 23. Bxg5 Nxg5 24. Rh8+ Kg7 25. Qh6+ Kf6 26. Rg8 Qc7 27. Rh1
Qb6 28. Rh5 Nfh7 29. Qg7+ Ke7 30. Rxc8 Rxc8 31. Rxh7 Qxb2 32. Qh6 Nxf3 33. Kxf3
Qxc3+ 34. Kg2 Rg8 35. Qh4+ Ke8 36. Rh8 1/2-1/2

[Event "1.CLZ 24/25,Ricany 1925-Cesky lev Kolesovice"]
[Site "Ricany"]
[Date "2024.11.10"]
[Round "2.4"]
[White "Svoboda, Svatopluk"]
[Black "Prazak, Daniel"]
[WhiteElo "2344"]
[BlackElo "2289"]
[Result "0-1"]
[PlyCount "58"]

1. e4 e5 2. Nf3 Nc6 3. Bc4 Bc5 4. c3 Nf6 5. d4 exd4 6. e5 d5 7. Bb5 Ne4 8. cxd4
Bb6 9. Be3 O-O 10. Nc3 Bg4 11. h3 Bh5 12. Qc2 Ba5 13. O-O Bxf3 14. gxf3 Ng5 15.
Kg2 Bxc3 16. bxc3 Ne6 17. Bxc6 bxc6 18. Qa4 Qd7 19. c4 f5 20. cxd5 Qxd5 21.
Rac1 c5 22. dxc5 f4 23. Rfd1 Qxe5 24. Bd4 Qg5+ 25. Kh2 Rad8 26. Ba1 Qh4 27. Rg1
Qxf2+ 28. Rg2 Qxf3 29. Re1 Rd2 0-1

[Event "1.CLZ 24/25,Ricany 1925-Cesky lev Kolesovice"]
[Site "Ricany"]
[Date "2024.11.10"]
[Round "2.5"]
[White "Bednar, Marcel"]
[Black "Studnicka, Tomas"]
[WhiteElo "2228"]
[BlackElo "2250"]
[Result "0-1"]
[PlyCount "28"]

1. d4 Nf6 2. Nc3 d5 3. Bf4 e6 4. Nb5 Na6 5. e3 c6 6. Nc3 b5 7. a4 b4 8. Nb1 Bd6 
9. Nf3 Bxf4 10. exf4 O-O 11. Nbd2 Qc7 12. Nb3 Ne4 13. Bd3 c5 14. dxc5 Naxc5 
15. Nxc5 Nxc5 16. Qd2 a5 17. O-O Ba6 18. Nd4 Rfe8 19. Rfe1 Rac8 20. Bb5 Bxb5 
21. axb5 Ne4 22. Qe3 Nd6 23. c3 Rb8 24. cxb4 axb4 25. Rec1 Qd7 26. Qb3 Nxb5 
27. Qxb4 Nxd4 28. Qxd4 Qb7 29. Ra7 Qxb2 30. Qxb2 Rxb2 31. Kf1 h6 32. Rcc7 Rf8 
33. h4 g6 34. g3 Kg7 35. Kg2 Rb3 36. Rd7 Kf6 37. Kf1 Rd3 38. Ke2 Rb3 
39. Kd2 Rb2+ 40. Ke3 Rb3+ 41. Kd2 Rf3 42. Ke2 Rc3 43. Kd2 Rb3 44. Ke2 Rb4 
45. Kd2 Kg7 46. Kd3 g5 47. hxg5 hxg5 48. f5 Kf6 49. fxe6 g4 0-1

[Event "1.CLZ 24/25,Ricany 1925-Cesky lev Kolesovice"]
[Site "Ricany"]
[Date "2024.11.10"]
[Round "2.6"]
[White "Walek, Petr"]
[Black "Trickov, Vasil"]
[WhiteElo "2270"]
[BlackElo "2305"]
[Result "1/2-1/2"]
[PlyCount "66"]

1. e4 c5 2. Nf3 d6 3. d4 Nf6 4. Nc3 cxd4 5. Nxd4 e5 6. Nb3 a6 7. Be2 Be7 8. Bg5
Be6 9. Bxf6 Bxf6 10. Qd3 Be7 11. O-O-O Nd7 12. Nd5 Bxd5 13. Qxd5 Qc7 14. Kb1
Rc8 15. Qd3 O-O 16. Bg4 Rfd8 17. Bxd7 Rxd7 18. h4 Qb6 19. Rd2 Rdc7 20. Qd5 Qc6
21. c3 Qxd5 22. Rxd5 h5 23. Nd2 g6 24. Nf1 f5 25. exf5 gxf5 26. Ng3 Rf8 27. f4
Kf7 28. fxe5 Ke6 29. exd6 Bxd6 30. Rd3 Bxg3 31. Rxg3 Rc4 32. Rg5 Rg4 33. Rxh5
Rxg2 1/2-1/2

[Event "1.CLZ 24/25,Ricany 1925-Cesky lev Kolesovice"]
[Site "Ricany"]
[Date "2024.11.10"]
[Round "2.7"]
[White "Lajbl, Jan"]
[Black "Movsesian, Julia"]
[WhiteElo "2218"]
[BlackElo "2209"]
[Result "1/2-1/2"]
[PlyCount "49"]

1. d4 d5 2. c4 e6 3. Nf3 Nf6 4. Nc3 Nbd7 5. cxd5 exd5 6. Bf4 Bb4 7. Qb3 c5 8.
dxc5 Qa5 9. a3 Bxc3+ 10. Qxc3 Qxc3+ 11. bxc3 Nxc5 12. e3 a6 13. Nd4 Na4 14. c4
O-O 15. Rc1 Re8 16. Be2 Bd7 17. O-O Rac8 18. h3 dxc4 19. Bxc4 b5 20. Bb3 Nc5
21. Rfd1 Nxb3 22. Nxb3 Rxc1 23. Rxc1 Rc8 24. Rxc8+ Bxc8 25. Nc5 1/2-1/2

[Event "1.CLZ 24/25,Ricany 1925-Cesky lev Kolesovice"]
[Site "Ricany"]
[Date "2024.11.10"]
[Round "2.8"]
[White "Ksana, Vaclav"]
[Black "Hlavina, Matous"]
[WhiteElo "2126"]
[BlackElo "2275"]
[Result "1/2-1/2"]
[PlyCount "93"]
[PlyCount "66"]

1. e4 e6 2. d4 d5 3. exd5 exd5 4. Bd3
c5 5. Qe2+ Be7 6. dxc5 Nf6 7. Nf3 O-O 8. O-O Bxc5 9. Bg5 Bg4 10. c3 Nc6 11.
Nbd2 Re8 12. Qd1 Qd6 13. Qa4 Bh5 14. Qh4 Bg6 15. Bxg6 hxg6 16. Rfe1 Rxe1+ 17.
Rxe1 Re8 18. Rxe8+ Nxe8 19. Nb3 Bb6 20. Nbd4 Nxd4 21. Nxd4 Qe5 22. Be3 Nd6 23.
h3 Qe8 24. Qf4 Nc4 25. b3 Ne5 26. Nc2 Nd3 27. Qd6 Bxe3 28. Nxe3 Nc1 29. Qxd5
Ne2+ 30. Kf1 Nxc3 31. Qxb7 Nxa2 32. Qxa7 Qb5+ 33. Kg1 Qxb3 34. Qa8+ Kh7 35. Qd8
Nc1 36. Qh4+ Kg8 37. Qg4 Nd3 38. Qf3 Ne5 39. Qe4 Nd3 40. Nd5 Qd1+ 41. Kh2 Nxf2
42. Ne7+ Kf8 43. Nxg6+ fxg6 44. Qf4+ Kg8 45. Qxf2 Qd6+ 46. Qg3 Qe6 47. Qb8+ 
 1/2-1/2

[Event "1.CLZ 24/25,Spartak Vlasim-MGMBA Unichess"]
[Site "Vlasim"]
[Date "2024.11.10"]
[Round "2.1"]
[White "Rydl, Jiri"]
[Black "Kourousis, Epameinondas"]
[WhiteElo "2404"]
[BlackElo "2376"]
[Result "1/2-1/2"]
[PlyCount "119"]

1. c4 e6 2. g3 Nf6 3. Bg2 a6 4. Nf3 b5 5. b3 Bb7 6. O-O c5 7. Nc3 Qb6 8. e3 Be7
9. d4 cxd4 10. exd4 d5 11. c5 Qd8 12. Ne5 Nc6 13. f4 O-O 14. Be3 Qc7 15. a3 Ne4
16. Nxe4 dxe4 17. Bxe4 Nxe5 18. Bxb7 Nc4 19. bxc4 Qxb7 20. Qf3 Qxf3 21. Rxf3
Rfd8 22. Bf2 Bf6 23. Rd1 Rac8 24. cxb5 axb5 25. Rc3 Kf8 26. Kg2 Ke7 27. Kf3 Kd7
28. Ke4 Kc6 29. g4 g6 30. Rh3 Rh8 31. Rb1 Ra8 32. Rhb3 Rhb8 33. f5 exf5+ 34.
gxf5 Re8+ 35. Kf3 Ra5 36. Rxb5 Rxb5 37. d5+ Kxd5 38. Rxb5 Be5 39. h3 Bc7 40.
Rb7 Kc6 41. Rb4 Re5 42. fxg6 fxg6 43. Rh4 Rf5+ 44. Ke2 h5 45. Ra4 Kb7 46. Be3
g5 47. Re4 Rd5 48. a4 Rf5 49. Kd3 Rf3 50. Kd4 Rxh3 51. Bxg5 Rg3 52. Bf4 Bxf4
53. Rxf4 Rg6 54. Kd5 Rg5+ 55. Kd4 Rg7 56. Re4 Rh7 57. Rh4 Kc6 58. Kc4 Ra7 59.
Kb4 Rb7+ 60. Kc4 1/2-1/2

[Event "1.CLZ 24/25,Spartak Vlasim-MGMBA Unichess"]
[Site "Vlasim"]
[Date "2024.11.10"]
[Round "2.2"]
[White "Bernasek, Jan"]
[Black "Mejzlik, Ondrej"]
[WhiteElo "2496"]
[BlackElo "2259"]
[Result "1-0"]
[PlyCount "81"]

1. d4 d5 2. c4 c6 3. Nf3 Nf6 4. Nc3 dxc4 5. a4 Nd5 6. a5 b5 7. axb6 Nxb6 8. Bg5
g6 9. e3 Bg7 10. Be2 O-O 11. O-O Be6 12. Ra5 Qc7 13. Qa1 Rd8 14. Qa3 f6 15. Bf4
Qb7 16. Ra1 Nc8 17. Nd2 Bf8 18. Nce4 Nd7 19. Bxc4 Bxc4 20. Nxc4 c5 21. Qa2 Kh8
22. Nxc5 Nxc5 23. Rxc5 e5 24. Nxe5 Nd6 25. Rac1 Rac8 26. Nc6 Re8 27. d5 Ne4 28.
R5c2 a6 29. Qc4 g5 30. Bg3 h5 31. Qd4 h4 32. Be5 fxe5 33. Qxe4 Qg7 34. Qg4 Ra8
35. h3 Bd6 36. Na5 Rab8 37. Rc6 Qh6 38. Nc4 Red8 39. Nxe5 Qg7 40. Nc4 Qf6 41.
Nxd6 1-0

[Event "1.CLZ 24/25,Spartak Vlasim-MGMBA Unichess"]
[Site "Vlasim"]
[Date "2024.11.10"]
[Round "2.3"]
[White "Vorisek, Jaroslav"]
[Black "Simek, Petr"]
[WhiteElo "2249"]
[BlackElo "2310"]
[Result "0-1"]
[PlyCount "100"]

1. d4 Nf6 2. c4 e6 3. Nf3 d5 4. Nc3 Bb4 5. e3 O-O 6. Qc2 c5 7. a3 Bxc3+ 8. bxc3
Qc7 9. a4 Re8 10. Be2 dxc4 11. O-O b6 12. Ba3 Nbd7 13. Bxc4 Bb7 14. Qb3 Rac8
15. Rfc1 Ng4 16. Be2 Bxf3 17. Bxf3 Qxh2+ 18. Kf1 h5 19. Qb5 Red8 20. a5 Qh1+
21. Ke2 Qh4 22. Bxg4 Qxg4+ 23. Kf1 h4 24. Qe2 Qg5 25. axb6 axb6 26. Qf3 Nf6 27.
Bb2 e5 28. dxe5 Qxe5 29. Rd1 c4 30. Rd4 Rxd4 31. cxd4 Qb5 32. Bc3 Qb3 33. Rc1
b5 34. d5 Qa3 35. Rc2 Qd6 36. Rb2 Qxd5 37. Bxf6 Qxf3 38. gxf3 gxf6 39. Rxb5 c3
40. Rb1 Kg7 41. Kg2 c2 42. Rc1 Kg6 43. Kh3 Kg5 44. Rg1+ Kf5 45. Rc1 Rc4 46. Kh2
Ke5 47. Kg2 Kd5 48. Kh3 Kc5 49. f4 Kb4 50. Kxh4 Rc5 0-1

[Event "1.CLZ 24/25,Spartak Vlasim-MGMBA Unichess"]
[Site "Vlasim"]
[Date "2024.11.10"]
[Round "2.4"]
[White "Jurcik, Martin"]
[Black "Zvolensky, David"]
[WhiteElo "2361"]
[BlackElo "2143"]
[Result "1/2-1/2"]
[PlyCount "71"]

1. e4 e5 2. Nf3 Nc6 3. Bb5 a6 4. Ba4 d6 5. Bxc6+ bxc6 6. d4 exd4 7. Nxd4 c5 8.
Ne2 g6 9. Bd2 Nf6 10. Bc3 Bg7 11. f3 O-O 12. O-O c6 13. Nd2 d5 14. b3 Re8 15.
e5 Nd7 16. f4 f6 17. exf6 Nxf6 18. Nf3 d4 19. Bd2 Nd5 20. Rc1 Ra7 21. h3 Rae7
22. Rf2 Bf5 23. Ne1 Ne3 24. Bxe3 dxe3 25. Rf1 Rd7 26. Nd3 Bxd3 27. cxd3 Rxd3
28. Qc2 Rd2 29. Qxc5 Qd3 30. Qxc6 Rd8 31. Nc3 e2 32. Rfe1 Qe3+ 33. Kh1 Bxc3 34.
Rxc3 Qe7 35. Qc4+ Kg7 36. Kh2 1/2-1/2

[Event "1.CLZ 24/25,Spartak Vlasim-MGMBA Unichess"]
[Site "Vlasim"]
[Date "2024.11.10"]
[Round "2.5"]
[White "Vorisek, Jakub"]
[Black "Toman, Jan"]
[WhiteElo "2135"]
[BlackElo "2148"]
[Result "1-0"]
[PlyCount "91"]

1. Nf3 Nf6 2. g3 g6 3. Bg2 Bg7 4. O-O O-O 5. c4 c5 6. Nc3 Nc6 7. d4 d6 8. e3
Rb8 9. b3 a6 10. Bb2 b5 11. cxb5 axb5 12. Rc1 c4 13. d5 Nb4 14. Ne1 Bf5 15. a3
Nd3 16. Nxd3 Bxd3 17. Re1 Qd7 18. Ne2 e5 19. dxe6 fxe6 20. Nf4 Bf5 21. Bxf6
Bxf6 22. e4 e5 23. Qd5+ Qf7 24. exf5 exf4 25. bxc4 fxg3 26. hxg3 bxc4 27. fxg6
hxg6 28. Qxf7+ Kxf7 29. Bd5+ Kg7 30. Rxc4 Rb2 31. Re6 Rd2 32. Rc7+ Kh6 33. Be4
d5 34. Rd7 d4 35. a4 Ra2 36. Ra7 Ra3 37. Rd6 Ra1+ 38. Kg2 Ra2 39. Re6 Ra3 40.
Rd6 Ra2 41. Raa6 Kg7 42. g4 g5 43. Rd7+ Kh8 44. Raa7 Rd8 45. Rxd8+ Bxd8 46. Ra8
 1-0